Сказки Андерсена: [для детей]

Bibliografiset tiedot
Päätekijä: Андерсен Х. К. Ханс Кристиан
Muut tekijät: Морозов А. И. (иллюстратор)
Kieli:venäjä
Julkaistu: Екатеринбург, Изд-во Уральского ун-та, 1992
Aiheet:
Aineistotyyppi: Kirja
KOHA link:https://koha.lib.tpu.ru/cgi-bin/koha/opac-detail.pl?biblionumber=156258

MARC

LEADER 00000n m0a2200000 4500
001 156258
005 20231031153004.0
010 |a 5752504260 
020 |a RU  |b 92-5799 
035 |a (RuTPU)RU\TPU\book\169496 
090 |a 156258 
100 |a 20090325d1992 d y0rusy5003 ca 
101 1 |a rus  |c dan 
102 |a RU 
105 |a a z 000ay 
200 1 |a Сказки Андерсена  |e [для детей]  |f Х. К. Андерсен  |g худож. А. И. Морозов 
210 |a Екатеринбург  |c Изд-во Уральского ун-та  |d 1992 
215 |a 160 с.  |c ил.  |d 17 см 
610 1 |a Сказки датские 
610 1 |a детская литература 
675 |a 839.8  |z rus 
700 1 |a Андерсен  |b Х. К.  |c датский писатель  |f 1805-1875  |g Ханс Кристиан  |2 stltpush  |3 (RuTPU)RU\TPU\pers\9269 
702 1 |a Морозов  |b А. И.  |4 440 
801 0 |a RU  |b RuMRKP  |c 19950417  |g psbo 
801 1 |a RU  |b 63413507  |c 20090325  |g PSBO 
801 2 |a RU  |b 63413507  |c 20090325  |g PSBO 
942 |c BK